Speed reading

Đã lưu trong:
Bibliografiske detaljer
Hovedforfatter: Tony Buzan
Format: Bog
Sprog:Undetermined
Udgivet: New York E. P. Dutton 1988
Fag:
Tags: Tilføj Tag
Ingen Tags, Vær først til at tagge denne postø!
Thư viện lưu trữ: Trung tâm Học liệu Trường Đại học Cần Thơ
LEADER 00454nam a2200181Ia 4500
001 CTU_43417
008 210402s9999 xx 000 0 und d
082 |a 428.43 
082 |b B992 
100 |a Tony Buzan 
245 0 |a Speed reading 
245 0 |c Tony Buzan 
260 |a New York 
260 |b E. P. Dutton 
260 |c 1988 
650 |a reading comprehension 
904 |i Minh, 010907 
980 |a Trung tâm Học liệu Trường Đại học Cần Thơ